000 00583nam a22002177a 4500
003 OSt
005 20140310181733.0
008 130319t xxu||||| |||| 00| 0 eng d
020 _a1557994668
050 _aQA 40.5
_b.M821 1995
082 _aTRM 372.70EMC
_bM78m 1995
100 _aMoore, Jo Ellen
_92724
245 _aMath mysteries /
_cJo Ellen Moore.
260 _aMonterey, Calif :
_bEvan-Moor Corp,
_cc1995.
300 _a32 p. :
_bill. ;
_c28 cm.
521 _aFaculty
541 _j1
562 _e1
650 _aMathematics.
_9210
942 _2lcc
_cBK-TR
_kTRM
999 _c2484
_d2484